banner koha

A adubacao fosfatada no estado de Sao Paulo [Brasil] (Registro n. 334351)

MARC details
000 -LÍDER
campo de controle de tamanho fixo 01185naa a22003257a 4500
001 - NÚMERO DE CONTROLE
campo de controle BR8300199
003 - IDENTIFICADOR DO NÚMERO DE CONTROLE
campo de controle BR-BrBNA
005 - DATA E HORÁRIO DA ÚLTIMA TRANSAÇÃO
campo de controle 20250721143214.0
007 - CAMPO FIXO DE DESCRIÇÃO FÍSICA--INFORMAÇÃO GERAL
campo de controle de tamanho fixo ta
008 - CAMPO DE DADOS FIXOS--INFORMAÇÃO GERAL
campo de controle de tamanho fixo 250630b bl.|||m| |||| 00| 0 por d
040 ## - FONTE DA CATALOGAÇÃO
Instituição da catalogação original BR-BrBNA
Idioma da catalogação por
Instituição que transcreveu o registro Biblioteca Nacional de Agricultura
041 ## - CÓDIGO DE IDIOMA
Código do idioma do texto/trilha sonora ou título diferente (Pt)
072 ## - CÓDIGO DE CATEGORIA DE ASSUNTO
Código de Categoria de Assunto F25
Código do objeto 3830
-- G514
090 ## - NÚMERO DE CHAMADA LOCAL
Número de chamada F25 BR8300199
100 1# - ENTRADA PRINCIPAL--NOME PESSOAL
Nome pessoal Raij, B. van
100 1# - ENTRADA PRINCIPAL--NOME PESSOAL
Nome pessoal Feitosa, C.T.
100 1# - ENTRADA PRINCIPAL--NOME PESSOAL
Nome pessoal Carmello, Q.A.C.
245 1# - TÍTULO
Título A adubacao fosfatada no estado de Sao Paulo [Brasil]
246 1# - FORMA VARIANTE DO TÍTULO
Título/título abreviado [Phosphorus fertilization in the state of Sao Paulo [Brazil]]
246 1# - FORMA VARIANTE DO TÍTULO
Título/título abreviado [Phosphorus fertilization in Brazil]
490 ## - TÍTULO DA SÉRIE
Título da série Documentos - Empresa Brasileira de Pesquisa Agropecuaria. Depto. de Informacao e Documentacao (Brazil)
Número do volume ou designação sequencial da série no. 21
500 ## - NOTA GERAL
Nota geral Adubacao fosfatada no Brasil<br/>Oliveira, A.J. deLourenco, S.Goedert, W.J.<br/>Brasilia, DF (Brasil): 1982. p. 103-136 [6 graphs; 6 tables; Bibliography p. 126-136 (100 ref.)]<br/>(BR8300199-AMS)<br/>
650 ## - ASSUNTO--TERMO TÓPICO
Cabeçalho tópico ou nome geográfico FERTILIZANTE FOSFATADO
650 ## - ASSUNTO--TERMO TÓPICO
Cabeçalho tópico ou nome geográfico ADUBACAO
650 ## - ASSUNTO--TERMO TÓPICO
Cabeçalho tópico ou nome geográfico SOLO
650 ## - ASSUNTO--TERMO TÓPICO
Cabeçalho tópico ou nome geográfico MELHORAMENTO DO SOLO
650 ## - ASSUNTO--TERMO TÓPICO
Cabeçalho tópico ou nome geográfico SAO PAULO
942 ## - ELEMENTOS DE ENTRADA ADICIONADOS (KOHA)
Tipo de material Koha Analítica de Monografia Seriada
Fonte da classificação ou esquema de arquivamento na estante Classificação AGRIS
909 ## -
-- 202506
-- Lúcia
-- 55
-- Lúcia Elande
Exemplares
Situação do descarte Fonte da classificação ou esquema de arquivamento na estante Situação física Não pode ser emprestado Coleção Biblioteca de origem Biblioteca atual Total de empréstimos Data de último acesso Número do exemplar Tipo de material Koha Situação das perdas Data de aquisição Fonte de aquisição
  Classificação AGRIS       Biblioteca Nacional de Agricultura - Binagri Biblioteca Nacional de Agricultura - Binagri   30/06/2025 01 Analítica de Monografia Seriada   2025-06-30 Portaria Interministerial nº 164/94

BINAGRI

Telefone: (61)3218-2567/2388/3357/2097 - binagri@agro.gov.br

Ministério da Agricultura e Pecuária , Esplanada dos Ministérios, Bloco D, Anexo B, Brasília/DF, CEP: 70.043-900